000 00262nam a2200097Ia 4500
001 1229305
005 20250827093058.0
008 250824s9999 xx 000 0 und d
245 0 _aIŞIN ÇAĞI ÇOCUKLARI
_cGÜLTEN DAYIOĞLU
260 _bALTIN KİTAPLAR YAYINLARI
999 _c1229305
_d1229305